Procesos sensoriales / (Record no. 22913)

MARC details
000 -LEADER
campo de control de longitud fija 00713nam a2200229 i 4500
001 - NÚMERO DE CONTROL
campo de control 22913
003 - IDENTIFICADOR DE NÚMERO DE CONTROL
campo de control ES-MaACL
005 - FECHA Y HORA DE LA ÚLTIMA TRANSACCIÓN
campo de control 20230906152758.0
007 - CAMPO FIJO DE DESCRIPCIÓN FÍSICA--INFORMACIÓN GENERAL
campo de control de longitud fija t|
008 - DATOS DE LONGITUD FIJA--INFORMACIÓN GENERAL
campo de control de longitud fija 021205s1973 sp ||||1| spa d
100 1# - ENTRADA PRINCIPAL--NOMBRE DE PERSONA
Nombre de persona Alpern, Mathew.
9 (RLIN) 20460
245 10 - MENCIÓN DEL TÍTULO
Título Procesos sensoriales /
Mención de responsabilidad, etc. Mathew Alpern, M. Lawrence y D. Wolsk ; [versión de Antonio Martínez Riu].
260 ## - PUBLICACIÓN, DISTRIBUCIÓN, ETC.
Lugar de publicación, distribución, etc. Barcelona :
Nombre del editor, distribuidor, etc. Herder,
Fecha de publicación, distribución, etc. 1973.
300 ## - DESCRIPCIÓN FÍSICA
Extensión 249 p. ;
Dimensiones 22 cm.
490 1# - MENCIÓN DE SERIE
Mención de serie Biblioteca de psicología ;
Designación de volumen o secuencia 4
700 1# - ENTRADA AGREGADA--NOMBRE PERSONAL
Nombre de persona Lawrence, M.
9 (RLIN) 70749
700 1# - ENTRADA AGREGADA--NOMBRE PERSONAL
Nombre de persona Wolsk, D.
9 (RLIN) 117292
700 1# - ENTRADA AGREGADA--NOMBRE PERSONAL
Nombre de persona Martínez Riu, D.
9 (RLIN) 78365
830 0# - PUNTO DE ACCESO ADICIONAL DE SERIE-TÍTULO UNIFORME
Título uniforme Biblioteca de psicología ;
Designación de volumen o secuencia 4
9 (RLIN) 180745
852 ## - LOCALIZACIÓN
Ubicación ES-MaACL
Número de control de estantería C-52363
Sublocalización o colección R.85919
Holdings
Estatus retirado Estado de pérdida Estado de daño No para préstamo Biblioteca de origen Biblioteca actual Ubicación en estantería Fecha de adquisición Fuente de adquisición Total de préstamos Signatura topográfica completa Código de barras Visto por última vez Precio de reemplazo Tipo de ítem Koha
        Biblioteca del Ateneo de Madrid Biblioteca del Ateneo de Madrid Depósito 2 17/01/2008     C-52363 1023601 23/02/2023 23/02/2023 Libro impreso